导出完成 — 

Japan in the world

The present volume under the title of japan in the World is a single volume summary of the position and foreign relations. the contributors of articles to this volume, futhermore, are all authorities in their respective fields or persons with rich experience in diplomatic negotiations. And their art...

Deskribapen osoa

Gorde:
Xehetasun bibliografikoak
Formatua: Liburua
Hizkuntza:Undetermined
Argitaratua: Japan The Japan Times 1976
Etiketak: Etiketa erantsi
Etiketarik gabe, Izan zaitez lehena erregistro honi etiketa jartzen!
Thư viện lưu trữ: Trung tâm Học liệu Trường Đại học Cần Thơ
LEADER 00820nam a2200169Ia 4500
001 CTU_110433
008 210402s9999 xx 000 0 und d
082 |a 337.52 
082 |b J36 
245 0 |a Japan in the world 
245 0 |c Edited by Kajima Institute of International Peace 
260 |a Japan 
260 |b The Japan Times 
260 |c 1976 
520 |a The present volume under the title of japan in the World is a single volume summary of the position and foreign relations. the contributors of articles to this volume, futhermore, are all authorities in their respective fields or persons with rich experience in diplomatic negotiations. And their articles uniquely characterize this volume a fact that gives me immense pleasure. 
904 |i Minh 
980 |a Trung tâm Học liệu Trường Đại học Cần Thơ